Colegio México : anuario 1949 /

Salvato in:
Dettagli Bibliografici
Ente Autore: Colegio México
Natura: Libro
Lingua:spagnolo
Pubblicazione: México : Colegio México, 1949
Tags: Aggiungi Tag
Nessun Tag, puoi essere il primo ad aggiungerne!!

MARC

LEADER 00000nam^a2200000^a^4500
001 000430054
005 20250526000000.0
009 20260310122914.164
037 |a Acervo ITESO - Biblioteca 
041 |a ESP 
091 |a FHM. 04748 
110 |a Colegio México 
245 1 0 |a Colegio México :  |b anuario 1949 / 
264 1 |a México :  |b Colegio México,  |c 1949 
300 |a 1 v. (sin paginación) ;  |c 28.0 cm. 
336 |a texto  |b txt  |2 rdacontenido 
337 |a sin mediación  |b n  |2 rdamedio 
338 |a volumen  |b nc  |2 rdasoporte 
649 |a XX 
910 |a Fondo Hugo B. Margáin 
920 |a Impresos - Libros 
930 |a Libros Antiguos y Raros 
905 |a 126 
901 |a 0500306446  |b IT2  |c LRA  |i D112647  |u 20250526 
901 |a 0500302933  |b IT2  |c LRA  |i D115730  |u 20250526 
902 |a https://opac.biblio.iteso.mx/vufind/Record/000430054